000
00337nam a2200145Ia 4500
008
090124s9999 xx 000 0 und d
082
_b
301631
245
_a
सौदा
250
_a
1
260
_b
तिबिले अनंत.
_c
1986
300
_a
176
630
_a
सौदा
730
_a
सौदा
942
_c
BOOK
999
_c
191206
_d
191206